[Event "EU-ch 20th"]
[Site "Skopje"]
[Date "2019.03.20"]
[Round "3"]
[White "Alekseev, Evgeny V"]
[Black "Sanal, Vahap"]
[Result "1-0"]
[WhiteElo "2640"]
[BlackElo "2511"]
[PlyCount "107"]
[EventDate "2019.03.18"]
[EventType "swiss"]
[EventRounds "11"]
[EventCountry "MKD"]
[Tiebreak "Sum of Buchholz"]
[SourceTitle "CBM 189"]
[Source "ChessBase"]
[SourceDate "2019.04.29"]
[SourceVersion "1"]
[SourceVersionDate "2019.04.29"]
[SourceQuality "1"]

1. d4 Nf6 2. c4 e6 3. Nf3 d5 4. e3 c6 5. b3 Nbd7 6. Bd3 Bd6 7. Bb2 Ne4 8. O-O Qc7 ({RR} 8... O-O 9. Qc2 f5 10. Ne5 Qf6 11. f4 Qe7 12. Nc3 Ndf6 13. c5 Bc7 14. b4 Bd7 15. a4 a6 16. Ra3 Kh8 17. Rb3 Bxe5 18. dxe5 Ng4 19. Qe2 Qh4 20. h3 Nh6 21. Qe1 Qe7 22. Ne2 g5 23. Bxe4 {Kuzubov,Y (2568)-Buhmann,R (2583) Polanica Zdroj 2007 1-0 (32)}) ({RR} 8... f5 9. Ne5 Nxe5 10. dxe5 Bc5 11. Bd4 Be7 12. f3 Nc5 13. Be2 O-O 14. b4 Nd7 15. c5 b6 16. Qc1 bxc5 17. bxc5 Qa5 18. Nd2 Nxc5 19. Nb3 Nxb3 20. axb3 Qc7 21. Qc3 Bd7 22. Rfc1 Rfc8 23. Qa5 {Shevchuk,O (2093)-Bilan,D (2303) chess.com INT 2024 1-0 (57)}) 9. Qc2 $146 ({RR} 9. Nc3 f5 10. c5 Be7 11. b4 Bf6 12. Rc1 O-O 13. Ne2 a5 14. a3 axb4 15. axb4 b6 16. Nf4 Re8 17. Nh5 Bd8 18. Qe2 g6 19. Nf4 Bf6 20. cxb6 Qxb6 21. Rc2 Ra2 22. b5 cxb5 23. Bxb5 Nd6 {Lazavik,D (2537)-Adly,A (2596) Almaty KAZ 2022 ½-½ (76)}) ({RR} 9. c5 Be7 10. Bxe4 dxe4 11. Nfd2 f5 12. Qh5+ g6 13. Qh6 Bf8 14. Qh3 Bg7 15. Nc4 O-O 16. b4 e5 17. Nd6 exd4 18. Bxd4 Bxd4 19. exd4 Nf6 20. Nc3 Ne8 21. Nxc8 Rxc8 22. d5 cxd5 23. Nxd5 Qf7 {Obrusnik,M (2192)-Kadziela,K (1893) Murzasichle 2011 ½-½ (71)}) 9... f5 10. Ba3 O-O 11. Rc1 Rf6 12. Bxd6 Qxd6 13. Qb2 Rh6 14. Qa3 Qxa3 15. Nxa3 b6 16. Nc2 Bb7 17. Nce1 Re8 18. b4 Rf6 19. a4 Kf8 20. a5 dxc4 21. Bxc4 e5 22. axb6 axb6 23. Ra7 Nd6 24. Ng5 Rh6 25. Nf7 Nxf7 26. Rxb7 Rd6 27. Bxf7 Kxf7 28. Nf3 Kf6 29. dxe5+ Nxe5 30. Nxe5 Rxe5 31. Rxb6 Ree6 32. g3 g6 33. Kg2 Kf7 34. Rc2 h5 35. h4 Ke7 36. Kf3 Kf6 37. Ra2 Kf7 38. Ra7+ Kf6 39. Rbb7 Rd2 40. Ra6 Rb2 41. Raa7 Rd6 42. Rf7+ Ke5 43. Rab7 Kd5 44. Rfc7 Ke5 45. Re7+ Kd5 46. Rb6 Kc4 47. Rc7 Kd5 48. Rc8 Re6 49. Ra8 Rd6 50. Raa6 Rb3 51. Kf4 Re6 52. Ra5+ Kc4 53. Rc5+ Kd3 54. Kf3 1-0

[Event "EU-ch 20th"]
[Site "Skopje"]
[Date "2019.03.21"]
[Round "4"]
[White "Lomasov, Semen"]
[Black "Kobalia, Mihail"]
[Result "1-0"]
[WhiteElo "2559"]
[BlackElo "2627"]
[PlyCount "59"]
[EventDate "2019.03.18"]
[EventType "swiss"]
[EventRounds "11"]
[EventCountry "MKD"]
[Tiebreak "Sum of Buchholz"]
[SourceTitle "CBM 189"]
[Source "ChessBase"]
[SourceDate "2019.04.29"]
[SourceVersion "1"]
[SourceVersionDate "2019.04.29"]
[SourceQuality "1"]

1. Nf3 d5 2. g3 Bg4 3. Bg2 Nd7 4. O-O c6 5. h3 Bh5 6. d4 e6 7. c4 Bd6 ({RR} 7... Ngf6 8. Qb3 Qb6 9. c5 Qxb3 10. axb3 a6 11. b4 Be7 12. Nc3 Rc8 13. Bf4 O-O 14. Nd2 Rfe8 15. Nb3 Bd8 16. Na5 Bxa5 17. bxa5 e5 18. dxe5 Nxe5 19. g4 d4 20. Na4 Nfxg4 21. hxg4 Bxg4 22. Rfe1 {Tisma,I (1967)-Yang Kaiqi (2481) chess.com INT 2025 1-0 (44)}) ({RR} 7... Be7 8. Nc3 Ngf6 9. Ne5 Nxe5 10. dxe5 Nd7 11. cxd5 cxd5 12. Be3 f6 13. exf6 Nxf6 14. Qb3 Qd7 15. Rad1 O-O 16. Bxd5 exd5 17. Nxd5 Kh8 18. Nxf6 Qxh3 19. Nxh5 Qxh5 20. Qxb7 Bf6 21. Rc1 a5 22. b3 {Krysa,L (2522)-Kobalia,M (2609) Caleta 2020 1-0}) 8. Qb3 Qb8 $146 ({RR} 8... Qb6 9. Nc3 Qxb3 10. axb3 a6 11. e4 dxe4 12. Nxe4 Bc7 13. Bf4 Bxf4 14. gxf4 O-O-O 15. c5 Bxf3 16. Nd6+ Kc7 17. Bxf3 Nh6 18. b4 Nf6 19. b5 axb5 20. Ra7 Rxd6 21. cxd6+ Kb6 22. Ra3 Rd8 23. Rd1 {Svane,R (2613)-Wojtaszek,R (2694) Tornelo INT 2021 ½-½ (77)}) ({RR} 8... Qb6 9. Nc3 Qxb3 10. axb3 a6 11. e4 Ne7 12. exd5 exd5 13. Re1 Kd8 14. cxd5 Nxd5 15. Nxd5 cxd5 16. g4 Bg6 17. Bd2 Rc8 18. Ba5+ b6 19. Bc3 a5 20. Ne5 Nf6 21. f4 Bxe5 22. dxe5 Ne4 23. Bd4 {Vachier Lagrave,M (2778)-Dziuba,M (2574) Germany 2019 1-0}) ({RR} 8... Qb6 9. Nc3 Qxb3 10. axb3 Ngf6 11. Nh4 a6 12. g4 Bg6 13. Nxg6 hxg6 14. Be3 g5 15. Rfe1 Bf4 16. Bxf4 gxf4 17. e3 fxe3 18. fxe3 O-O-O 19. e4 dxc4 20. bxc4 e5 21. d5 c5 22. Rf1 Rhf8 23. Rab1 {Galiana Fernandez,A (2354)-Laurusas,T (2561) Lodz 2022 0-1 (56)}) 9. cxd5 exd5 10. Nh4 Ne7 11. Nc3 Bg6 12. Nxg6 hxg6 13. e4 dxe4 14. Nxe4 Nb6 15. Re1 O-O 16. Bd2 Re8 17. Ng5 Ned5 18. Ba5 Rxe1+ 19. Rxe1 Qd8 20. h4 Bc7 21. Bxb6 axb6 22. Bxd5 cxd5 23. Qf3 f6 24. Ne6 Qd7 25. Nxc7 Qxc7 26. Qxd5+ Kh7 27. h5 Qc6 28. Qf7 gxh5 29. Qxh5+ Kg8 30. Re7 1-0

[Event "EU-ch 20th"]
[Site "Skopje"]
[Date "2019.03.21"]
[Round "4"]
[White "Zvjaginsev, Vadim"]
[Black "Djukic, Nikola"]
[Result "1-0"]
[WhiteElo "2642"]
[BlackElo "2572"]
[PlyCount "107"]
[EventDate "2019.03.18"]
[EventType "swiss"]
[EventRounds "11"]
[EventCountry "MKD"]
[Tiebreak "Sum of Buchholz"]
[SourceTitle "CBM 189"]
[Source "ChessBase"]
[SourceDate "2019.04.29"]
[SourceVersion "1"]
[SourceVersionDate "2019.04.29"]
[SourceQuality "1"]

1. Nf3 c5 2. b3 d6 3. e3 e5 4. Nc3 ({RR} 4. Bb2 f5 5. Bb5+ Bd7 6. Bxd7+ Qxd7 7. O-O Nf6 8. c4 Be7 9. d4 cxd4 10. exd4 e4 11. Ng5 d5 12. Nc3 O-O 13. Nh3 Nc6 14. Nf4 dxc4 15. d5 Ne5 16. Ne6 Rfc8 17. Nxe4 fxe4 18. Bxe5 Qxd5 {Kramnik,V (2803)-Caruana,F (2774) Moscow 2013 1-0 (45)}) ({RR} 4. d4 cxd4 5. exd4 e4 6. Bb5+ Bd7 7. Bxd7+ Nxd7 8. Qe2 d5 9. O-O Bd6 10. Ba3 Bxa3 11. Nxa3 Ngf6 12. Ne5 O-O 13. c4 Qe7 14. Nxd7 Qxd7 15. Nc2 Rfe8 16. Rfd1 Rad8 17. Rac1 g6 18. Ne3 Qe6 {Doluhanova,E (2287)-Donghvani,N (2025) Rhodes GRE 2025 ½-½ (33)}) 4... Nf6 5. Bb5+ Bd7 $146 ({RR} 5... Nc6 6. O-O a6 7. Be2 Be7 8. e4 b5 9. d3 O-O 10. a4 Rb8 11. axb5 axb5 12. Re1 h6 13. h3 Be6 14. Nh2 Nd4 15. Ng4 b4 16. Nxf6+ Bxf6 17. Na4 Bg5 18. Be3 f5 19. Bxd4 cxd4 20. exf5 {Zysk,R (2411)-Soham,D (2340) Rosenheim GER 2023 ½-½ (57)}) ({RR} 5... Nc6 6. O-O a6 7. Be2 Be7 8. e4 b5 9. d3 O-O 10. a4 Rb8 11. axb5 axb5 12. Re1 h6 13. h3 Be6 14. Nh2 Nd4 15. Ng4 b4 16. Nxf6+ Bxf6 17. Na4 Bg5 18. Be3 f5 19. Bxd4 cxd4 20. exf5 {Zysk,R (2411)-Soham,D (2340) Rosenheim GER 2023 ½-½ (57)}) 6. Bxd7+ Qxd7 7. O-O Be7 8. d4 cxd4 9. exd4 e4 10. Nd2 d5 11. f3 Bb4 12. Bb2 Qc6 13. Ne2 O-O 14. c3 Bd6 15. fxe4 Bxh2+ 16. Kxh2 Ng4+ 17. Kg1 Qh6 18. Rf3 Qh2+ 19. Kf1 Qh1+ 20. Ng1 Nh2+ 21. Ke2 Qxg2+ 22. Rf2 Qg4+ 23. Kd3 Qg3+ 24. Rf3 Nxf3 25. Qxf3 Qg6 26. Nh3 Nd7 27. Rg1 dxe4+ 28. Nxe4 Qa6+ 29. Kc2 f5 30. Ng3 Qc6 31. Qf4 Rae8 32. c4 Nf6 33. Kb1 Ng4 34. d5 Qg6 35. Ng5 h6 36. Ne6 Rxe6 37. dxe6 Qxe6 38. a4 Qb6 39. Qd4 Qxd4 40. Bxd4 g6 41. Bxa7 h5 42. Nh1 Re8 43. Nf2 Kg7 44. a5 g5 45. b4 Kg6 46. b5 h4 47. Nxg4 fxg4 48. Rxg4 h3 49. Rg1 Re4 50. Kb2 g4 51. Bb8 Re8 52. Bc7 Kg5 53. a6 bxa6 54. b6 1-0

[Event "EU-ch 20th"]
[Site "Skopje"]
[Date "2019.03.24"]
[Round "6"]
[White "Zvjaginsev, Vadim"]
[Black "Azarov, Sergei Nikolaevich"]
[Result "1-0"]
[WhiteElo "2642"]
[BlackElo "2585"]
[PlyCount "85"]
[EventDate "2019.03.18"]
[EventType "swiss"]
[EventRounds "11"]
[EventCountry "MKD"]
[Tiebreak "Sum of Buchholz"]
[SourceTitle "CBM 189"]
[Source "ChessBase"]
[SourceDate "2019.04.29"]
[SourceVersion "1"]
[SourceVersionDate "2019.04.29"]
[SourceQuality "1"]

1. Nf3 Nf6 2. g3 d5 3. Bg2 e6 4. O-O c5 5. d3 Nc6 6. Bf4 Bd6 7. Bxd6 Qxd6 8. Nbd2 e5 ({RR} 8... O-O 9. e4 b5 10. a4 b4 11. Qe2 Qc7 12. Qe3 Na5 13. Nb3 Nb7 14. exd5 exd5 15. Qe5 Qc6 16. c4 bxc3 17. Qxc3 Bd7 18. Ne5 Qd6 19. Nxd7 Nxd7 20. Rfe1 Nd8 21. d4 c4 22. Nc5 Nc6 23. Nb7 {Berczes,D (2408)-Sandoval Mercado,C (2383) Budapest HUN 2025 0-1 (48)}) 9. e4 d4 10. c3 $146 ({RR} 10. h3 O-O 11. Nh4 Be6 12. f4 b5 13. f5 Bd7 14. g4 g5 15. Nhf3 h6 16. Qe2 Rac8 17. a3 Na5 18. c3 Rfe8 19. Rac1 dxc3 20. bxc3 c4 21. d4 exd4 22. cxd4 c3 23. e5 cxd2 24. Qxd2 Qb6 {Mendes Aaron Reeve (2320)-Jacobson,A (2368) New York USA 2024 ½-½ (49)}) ({RR} 10. Nc4 Qc7 11. c3 Be6 12. cxd4 cxd4 13. Rc1 Nd7 14. b4 Bxc4 15. Rxc4 b5 16. Rc2 Qd6 17. Qb1 Nxb4 18. Rb2 Na6 19. Rxb5 Nac5 20. Bh3 O-O 21. Bxd7 Nxd7 22. Rd5 Qf6 23. Kg2 Rab8 24. Qe1 Qc6 {Preotu,R (2451)-Atanasov,A (2407) Montreal CAN 2024 0-1 (50)}) 10... Be6 11. Ng5 O-O 12. Nxe6 Qxe6 13. c4 Ne8 14. f4 Nd6 15. a3 a5 16. Qh5 a4 17. f5 Qh6 18. Qxh6 gxh6 19. f6 Rfd8 20. Bh3 Ne8 21. Rf5 Rd6 22. Raf1 Ra6 23. R1f2 Rb6 24. Nf3 Rxf6 25. Nxe5 Rxf5 26. Rxf5 Nd6 27. Rh5 Ne7 28. Nd7 Rxb2 29. e5 Nxc4 30. dxc4 b5 31. cxb5 c4 32. e6 f5 33. Ne5 c3 34. Bxf5 Rxb5 35. Bd3 Rb2 36. Nf3 c2 37. Bxc2 Rxc2 38. Nxd4 Ra2 39. Nf5 Ng6 40. e7 Re2 41. Rxh6 Re5 42. Rh5 Kh8 43. Nh4 1-0

[Event "EU-ch 20th"]
[Site "Skopje"]
[Date "2019.03.27"]
[Round "9"]
[White "Martirosyan, Haik M"]
[Black "Goryachkina, Aleksandra"]
[Result "1-0"]
[WhiteElo "2616"]
[BlackElo "2504"]
[PlyCount "83"]
[EventDate "2019.03.18"]
[EventType "swiss"]
[EventRounds "11"]
[EventCountry "MKD"]
[Tiebreak "Sum of Buchholz"]
[SourceTitle "CBM 189"]
[Source "ChessBase"]
[SourceDate "2019.04.29"]
[SourceVersion "1"]
[SourceVersionDate "2019.04.29"]
[SourceQuality "1"]

1. Nf3 d5 2. g3 c6 3. Bg2 Bg4 4. d3 Nf6 5. Nbd2 Nbd7 6. h3 Bh5 7. O-O e5 8. e4 dxe4 9. dxe4 Be7 10. Qe1 O-O 11. Nc4 Qc7 12. Nh4 Rfe8 13. a4 Bf8 ({RR} 13... a5 14. Bd2 b6 15. Kh1 Nc5 16. g4 Nfd7 17. f4 b5 18. axb5 cxb5 19. Ne3 Qd8 20. Nhf5 exf4 21. Nd5 Bg6 22. Bxa5 Rxa5 23. Ndxe7+ Rxe7 24. Qxa5 Re8 25. Qxd8 Rxd8 26. Rad1 f6 27. Rxf4 Rb8 28. Rf2 {Giri,A (2798)-Motylev,A (2649) Baku 2015 1-0 (34)}) ({RR} 13... Nc5 14. Nf5 Bf8 15. b4 Ne6 16. Bb2 Nd7 17. f4 exf4 18. gxf4 Bg6 19. Qg3 f6 20. Rad1 Bxb4 21. Ncd6 Bxd6 22. Nxd6 Qb6+ 23. Kh1 Qxb2 24. f5 Qe5 25. Qh4 Re7 26. fxg6 hxg6 27. Nxb7 Ndc5 28. Nd6 {Le,Q (2739)-Piesik,P (2421) chess.com INT 2024 0-1 (40)}) 14. Bd2 Nc5 15. Bc3 $146 ({RR} 15. Ba5 b6 16. Bc3 Nfd7 17. f4 f6 18. fxe5 fxe5 19. Ne3 Ne6 20. Nef5 Rad8 21. Kh1 Nf6 22. Nh6+ gxh6 23. Rxf6 Nd4 24. Rf2 Bg6 25. Qe3 Qg7 26. Raf1 Be7 27. Nxg6 Qxg6 28. Be1 Rf8 29. b4 Rxf2 {Nakamura,H (2793)-Pelletier,Y (2541) Zuerich 2017 1-0 (48)}) ({RR} 15. b3 Ne6 16. Ba5 b6 17. Bc3 Nd7 18. Nf5 f6 19. Kh1 Rad8 20. f3 Bf7 21. Qc1 Ndc5 22. Qe3 Nd4 23. Qf2 Nce6 24. Nfe3 a5 25. f4 exf4 26. gxf4 Bc5 27. Rae1 Bh5 28. Nb2 b5 29. Nd3 Bb6 {Betaneli,A (2268)-Kojima,S (2356) Kecskemet 2014 0-1 (37)}) 15... Nfd7 16. f4 exf4 17. gxf4 f6 18. b4 Bf7 19. Nd2 Na6 20. Rb1 Qb6+ 21. Kh1 Bxb4 22. Bxb4 Nxb4 23. Qg3 Nf8 24. Nf5 Ng6 25. Nd6 Re7 26. e5 Ba2 27. Rb2 fxe5 28. fxe5 Bd5 29. c3 Bxg2+ 30. Qxg2 Qe3 31. cxb4 Qxe5 32. N2c4 Qe6 33. Rff2 Qe1+ 34. Kh2 Rd8 35. b5 Qe6 36. Rbe2 Qd7 37. bxc6 bxc6 38. Rxe7 Qxe7 39. Qxc6 Qe6 40. Qc7 Rf8 41. Qxa7 Rxf2+ 42. Qxf2 1-0

[Event "PRO League KO Stage"]
[Site "Chess.com INT"]
[Date "2019.03.21"]
[Round "1"]
[White "Meier, Georg"]
[Black "Admiraal, Miguoel"]
[Result "1-0"]
[WhiteElo "2621"]
[BlackElo "2508"]
[PlyCount "99"]
[EventDate "2019.03.19"]
[EventType "team-k.o. (rapid)"]
[EventRounds "4"]
[EventCountry "USA"]
[SourceTitle "CBM 189 Extra"]
[Source "ChessBase"]
[SourceDate "2019.06.03"]
[SourceVersion "1"]
[SourceVersionDate "2019.06.03"]
[SourceQuality "1"]
[WhiteTeam "Baden Baden Snowballs"]
[BlackTeam "Amsterdam Mosquitoes"]
[WhiteTeamCountry "GER"]
[BlackTeamCountry "NED"]

1. Nf3 c5 2. b3 Nc6 3. Bb2 d5 4. e3 a6 5. d4 cxd4 6. Nxd4 Nf6 7. Nd2 Bg4 ({RR} 7... e6 8. Nxc6 bxc6 9. Bd3 Be7 10. c4 O-O 11. Qc2 h6 12. O-O a5 13. a3 Ba6 14. Nf3 Nd7 15. Rfd1 Bf6 16. Nd4 Qb6 17. Rac1 c5 18. Nb5 Bxb5 19. cxb5 Bxb2 20. Qxb2 a4 21. b4 Rfc8 22. bxc5 {Nakamura,H (2768)-Sarana,A (2662) Chess.com INT 2022 ½-½ (62)}) ({RR} 7... Nxd4 8. Bxd4 Bg4 9. Be2 Bxe2 10. Qxe2 e6 11. O-O Be7 12. c4 O-O 13. Rac1 Rc8 14. Rfd1 Qa5 15. Rc2 Rfd8 16. h3 h6 17. a4 Qb4 18. Bc3 Qb6 19. a5 Qc7 20. cxd5 Nxd5 21. Nc4 Nxc3 22. Rxc3 {Boyer,M (2531)-Maerevoet,S (2431) chess.com INT 2025 1-0 (55)}) 8. Be2 Bxe2 9. Qxe2 e6 10. O-O $146 ({RR} 10. c4 dxc4 11. Nxc6 bxc6 12. Qxc4 Qd5 13. O-O Be7 14. Qc2 O-O 15. Nc4 Qh5 16. Rad1 a5 17. Ne5 Rfc8 18. h3 Nd5 19. Nc4 c5 20. e4 Nf4 21. Be5 Ng6 22. Bg3 Rd8 23. Nb6 Ra6 24. Rxd8+ Bxd8 {Aravindh,C (2606)-Rozman,L (2333) Chess.com INT 2022 1-0}) ({RR} 10. c4 dxc4 11. Nxc6 bxc6 12. Qxc4 Qd5 13. O-O Be7 14. Qc2 O-O 15. Nc4 Qh5 16. Rad1 a5 17. Ne5 Rfc8 18. h3 Nd5 19. Nc4 c5 20. e4 Nf4 21. Be5 Ng6 22. Bg3 Rd8 23. Nb6 Ra6 24. Rxd8+ Bxd8 {Aravindh,C (2606)-Rozman,L (2333) Chess.com INT 2022 1-0}) 10... Bc5 11. Nxc6 bxc6 12. c4 O-O 13. Rfd1 a5 14. Rac1 Be7 15. Nf3 Qb6 16. Ne5 Rfc8 17. Ng4 Qd8 18. Nxf6+ Bxf6 19. e4 Bxb2 20. Qxb2 h6 21. g3 a4 22. b4 a3 23. Qc3 Qe8 24. Qe3 dxe4 25. Qxe4 Rab8 26. Rb1 Rd8 27. Rxd8 Qxd8 28. Qe3 c5 29. b5 Qa5 30. Qxc5 Qc3 31. Qb4 Qf3 32. Qb3 Qe2 33. Qxa3 Qxc4 34. Qb3 Qe4 35. a4 h5 36. Qb4 Qd3 37. h4 g5 38. hxg5 h4 39. gxh4 Rd8 40. Qb3 Qf5 41. Re1 Rd4 42. Re3 Qg4+ 43. Rg3 Rd1+ 44. Kg2 Qe4+ 45. Qf3 Qe1 46. Kh3 Rd2 47. g6 f5 48. Qa8+ Kg7 49. Qb7+ Rd7 50. Qxd7+ 1-0

[Event "PRO League KO Stage"]
[Site "Chess.com INT"]
[Date "2019.03.21"]
[Round "1"]
[White "Zhao, Jun"]
[Black "Preotu, Razvan"]
[Result "1-0"]
[WhiteElo "2627"]
[BlackElo "2527"]
[PlyCount "103"]
[EventDate "2019.03.19"]
[EventType "team-k.o. (rapid)"]
[EventRounds "4"]
[EventCountry "USA"]
[SourceTitle "CBM 189 Extra"]
[Source "ChessBase"]
[SourceDate "2019.06.03"]
[SourceVersion "1"]
[SourceVersionDate "2019.06.03"]
[SourceQuality "1"]
[WhiteTeam "Cheng Du Pandas"]
[BlackTeam "Dallas Destiny"]
[WhiteTeamCountry "CHN"]
[BlackTeamCountry "USA"]

1. g3 e5 2. Bg2 d5 3. d3 Nf6 4. Nf3 Nc6 5. O-O Be7 6. Nbd2 O-O 7. e4 dxe4 8. dxe4 h6 9. Qe2 Be6 10. c3 Nd7 11. Nc4 b5 $146 ({RR} 11... Bf6 12. b4 Nb6 13. Ne3 Ne7 14. Rd1 Qc8 15. Ba3 Rd8 16. c4 Nc6 17. Nd5 Be7 18. Nxe7+ Nxe7 19. Nxe5 f6 20. c5 fxe5 21. cxb6 axb6 22. Bb2 Nc6 23. Rxd8+ Qxd8 24. a3 Qe7 25. Qb5 Bb3 26. f4 {Lombardy,W-Santasiere,A Long Beach 1955 ½-½ (47)}) ({RR} 11... Qe8 12. b4 a6 13. Ne3 Rd8 14. Nd5 Nb6 15. Nxb6 cxb6 16. a4 f6 17. Be3 Qf7 18. Nd2 Rd7 19. Bxb6 Rc8 20. Rac1 Nb8 21. b5 axb5 22. axb5 Bc5 23. Bxc5 Rxc5 24. Rc2 Rdc7 25. Rfc1 Nd7 26. Bf1 {Giuliani,S (1988)-Vannelli,V (1850) Rome 2009 1-0 (36)}) 12. Ne3 Rb8 13. Rd1 Qc8 14. Nd5 Re8 15. Ne1 Bf8 16. Nc2 Na5 17. b3 c6 18. Nde3 Nf6 19. f4 Bh3 20. f5 Bxg2 21. Nxg2 Nb7 22. Qf3 Nc5 23. Re1 Rd8 24. Re3 Ncxe4 25. Rxe4 Nxe4 26. Qxe4 Rd1+ 27. Nge1 Qd7 28. Be3 Rxa1 29. Nxa1 Qd5 30. Qxd5 cxd5 31. Nac2 Rc8 32. Bd2 Rc6 33. Nd3 f6 34. Ndb4 Rd6 35. Kf2 a5 36. Nd3 h5 37. Ke2 Kf7 38. a3 g6 39. fxg6+ Kxg6 40. Be3 Rc6 41. Kd2 Kf5 42. b4 a4 43. Bc5 Bh6+ 44. Be3 Bxe3+ 45. Nxe3+ Ke4 46. Ke2 Rxc3 47. Nc5+ Kd4 48. Ne6+ Ke4 49. Nc5+ Kd4 50. Nf5+ Kc4 51. Nd6+ Kd4 52. Ne6# 1-0

[Event "PRO League KO Stage"]
[Site "Chess.com INT"]
[Date "2019.03.21"]
[Round "1"]
[White "Pantsulaia, Levan"]
[Black "Savchenko, Boris"]
[Result "1-0"]
[WhiteElo "2611"]
[BlackElo "2575"]
[PlyCount "95"]
[EventDate "2019.03.19"]
[EventType "team-k.o. (rapid)"]
[EventRounds "4"]
[EventCountry "USA"]
[SourceTitle "CBM 189 Extra"]
[Source "ChessBase"]
[SourceDate "2019.06.03"]
[SourceVersion "1"]
[SourceVersionDate "2019.06.03"]
[SourceQuality "1"]
[WhiteTeam "Tbilisi Gentlemen"]
[BlackTeam "Moscow Wizards"]
[WhiteTeamCountry "GEO"]
[BlackTeamCountry "RUS"]

1. Nf3 g6 2. g3 Bg7 3. Bg2 e5 4. O-O d5 5. d3 Ne7 6. e4 O-O 7. Re1 ({RR} 7. a4 a5 8. Na3 Nbc6 9. c3 h6 10. Nb5 Be6 11. Re1 Qd7 12. d4 dxe4 13. Nxe5 Nxe5 14. dxe5 Qxd1 15. Rxd1 Rad8 16. Be3 c6 17. Nd6 Bxe5 18. Nxb7 Rxd1+ 19. Rxd1 Rb8 20. Rd8+ Rxd8 21. Nxd8 Bb3 {Artemiev,V (2704)-Nepomniachtchi,I (2792) Moscow 2021 ½-½ (41)}) ({RR} 7. c3 a5 8. a4 Nbc6 9. Na3 h6 10. Nb5 Be6 11. Qc2 Qd7 12. Re1 Rad8 13. b3 f5 14. Ba3 fxe4 15. dxe4 d4 16. Rad1 Bg4 17. Rd3 Rf7 18. Nd2 Nc8 19. Nc4 Be6 20. cxd4 exd4 21. Red1 g5 {Pantsulaia,L (2597)-Potkin,V (2597) St Petersburg 2018 1-0}) 7... dxe4 ({RR} 7... Nbc6 8. Nc3 d4 9. Nd5 h6 10. c4 Be6 11. Rb1 a5 12. b3 Nc8 13. a3 Nb8 14. Nxe5 Bxe5 15. Bxh6 Re8 16. f4 Bg7 17. Bg5 f6 18. Bh4 g5 19. fxg5 fxg5 20. e5 gxh4 21. Qh5 Bf7 22. Qg4 {Sahib,S (2430)-Arca,C (2263) chess.com INT 2025 0-1 (36)}) 8. dxe4 Nbc6 $146 ({RR} 8... Qxd1 9. Rxd1 Nbc6 10. c3 h6 11. Be3 Be6 12. Nbd2 Rfd8 13. a4 Rd7 14. Kf1 Rad8 15. Ke1 Na5 16. Bf1 b6 17. Rab1 Nb3 18. Nc4 Nc6 19. Be2 f6 20. Nfd2 Nxd2 21. Rxd2 Rxd2 22. Nxd2 Bf8 23. Bc4 {Anandh,V (2045)-Mazzilli,P (2303) chess.com INT 2024 0-1 (38)}) ({RR} 8... b6 9. Nc3 Bb7 10. Bg5 Qe8 11. a4 Na6 12. Qe2 Nc5 13. Nb5 Ne6 14. Qc4 Ba6 15. Qb3 Nc6 16. c3 Na5 17. Qa3 Bxb5 18. axb5 Nxg5 19. Nxg5 Qxb5 20. Bf1 Qc6 21. Qb4 Rad8 22. Bb5 Qf6 23. Nh3 {Enzmann,S (2153)-Fish,J (2101) Germany GER 2022 0-1 (40)}) 9. c3 a5 10. a4 Bg4 11. h3 Be6 12. Ng5 Bc4 13. Nd2 Ba6 14. Bf1 h6 15. Ngf3 f5 16. Bxa6 Rxa6 17. Kg2 Kh7 18. b3 Rb6 19. Ba3 fxe4 20. Nxe4 Qxd1 21. Rexd1 Rxb3 22. Rd7 Re8 23. Rxc7 Nd5 24. Rd7 Rd8 25. Rxd8 Nxd8 26. Nfd2 Rb6 27. Nc4 Rc6 28. Nxa5 Ra6 29. Bb4 Nxb4 30. cxb4 Bf8 31. Rd1 Nf7 32. Rd7 Kg8 33. Rxb7 Bxb4 34. Nc4 Be1 35. Nc5 Rc6 36. Rb5 Bc3 37. Na5 Rc8 38. Nab7 Nd8 39. Ne4 Bd4 40. Nbd6 Ra8 41. a5 Kf8 42. Nc4 Ke7 43. Nxe5 Ra6 44. Rd5 Ba7 45. Rd7+ Ke6 46. f4 Kf5 47. Kf3 Rxa5 48. Rxd8 1-0

[Event "PRO League KO Stage"]
[Site "Chess.com INT"]
[Date "2019.05.04"]
[Round "3"]
[White "Bok, Benjamin"]
[Black "Andriasian, Zaven"]
[Result "1-0"]
[WhiteElo "2638"]
[BlackElo "2600"]
[PlyCount "73"]
[EventDate "2019.03.19"]
[EventType "team-k.o. (rapid)"]
[EventRounds "4"]
[EventCountry "USA"]
[SourceTitle "CBM 190 Extra"]
[Source "ChessBase"]
[SourceDate "2019.07.15"]
[SourceVersion "1"]
[SourceVersionDate "2019.07.15"]
[SourceQuality "1"]
[WhiteTeam "Saint Louis Arch Bishops"]
[BlackTeam "Armenia Eagles"]
[WhiteTeamCountry "USA"]
[BlackTeamCountry "ARM"]

1. Nf3 d5 2. g3 Bg4 3. Bg2 Nd7 4. c4 e6 5. Qb3 Nc5 6. Qc2 ({RR} 6. Qc3 c6 7. O-O Nf6 8. h3 Bh5 9. d4 Ncd7 10. cxd5 exd5 11. Nh4 Bg6 12. Bg5 Be7 13. Nxg6 hxg6 14. Nd2 O-O 15. h4 Re8 16. e3 a5 17. a3 Nf8 18. Rfe1 Ne6 19. Rac1 Bd6 20. Qb3 Qd7 {Stockfish dev-20250118-8e3e22 (3683)-LCZero 0.31-dag-c93c6a8-BT4-6 (3652) tcec-chess.com INT 2025 ½-½ (47)}) 6... Nf6 7. O-O Be7 8. d4 $146 ({RR} 8. d3 O-O 9. b3 c6 10. Bb2 Nfd7 11. Nbd2 Bf6 12. b4 Na6 13. Qb3 Bxb2 14. Qxb2 Qe7 15. d4 Qxb4 16. Qxb4 Nxb4 17. Rab1 Nxa2 18. Rxb7 Nf6 19. Ra1 Nc3 20. Ra3 Nce4 21. Nxe4 Nxe4 22. cxd5 cxd5 {Pytel,K-Sydor,A Gdynia 1973 ½-½}) ({RR} 8. d3 O-O 9. Be3 Ncd7 10. cxd5 exd5 11. Nbd2 c6 12. Nb3 Re8 13. a3 Bd6 14. Rfe1 Bh5 15. Bd2 Rc8 16. Na5 Rc7 17. b4 Bxf3 18. Bxf3 Ne5 19. Bg2 h6 20. e4 dxe4 21. dxe4 Rd7 22. Rad1 Ng6 {Petrosian,T (2601)-Andriasian,Z (2606) Yerevan 2020 1-0 (76)}) 8... Bf5 9. Qd1 Nce4 10. Qb3 O-O 11. Nc3 Nxc3 12. bxc3 Be4 13. cxd5 Bxd5 14. c4 Be4 15. Rd1 Qc8 16. Bb2 Rd8 17. Ne5 Bxg2 18. Kxg2 c6 19. Rab1 Nd7 20. Nf3 c5 21. d5 exd5 22. cxd5 c4 23. Qc2 b5 24. d6 Bf8 25. Ng5 g6 26. Qe4 c3 27. Qd5 Ne5 28. Qxe5 cxb2 29. Rxb2 Qc6+ 30. Qd5 Rxd6 31. Qxc6 Rxc6 32. Rxb5 Rc2 33. Rd7 Rxe2 34. Rbb7 Rxa2 35. Rxf7 Bc5 36. Rg7+ Kf8 37. Rbf7+ 1-0

[Event "USA-ch 63rd"]
[Site "Saint Louis"]
[Date "2019.03.25"]
[Round "6"]
[White "Nakamura, Hikaru"]
[Black "Gareyev, Timur"]
[Result "1-0"]
[WhiteElo "2746"]
[BlackElo "2557"]
[PlyCount "65"]
[EventDate "2019.03.20"]
[EventType "tourn"]
[EventRounds "11"]
[EventCountry "USA"]
[EventCategory "18"]
[SourceTitle "CBM 189 Extra"]
[Source "ChessBase"]
[SourceDate "2019.06.03"]
[SourceVersion "1"]
[SourceVersionDate "2019.06.03"]
[SourceQuality "1"]

1. Nf3 c5 2. g3 g6 3. c3 ({RR} 3. d4 cxd4 4. Nxd4 Bg7 5. Nb3 a5 6. a4 Nc6 7. Bg2 Nf6 8. O-O O-O 9. Nc3 d6 10. h3 Be6 11. e4 Qc8 12. Kh2 Nb4 13. Nd4 Bc4 14. Re1 Rd8 15. Be3 h5 16. Qd2 Ba6 17. f4 e5 {Shandrygin,N (2209)-Janaszak,D (2306) chess.com INT 2025 1-0 (44)}) 3... d5 ({RR} 3... b6 4. Bg2 Bb7 5. O-O Bg7 6. d3 d5 7. Nbd2 Nf6 8. Qc2 Nc6 9. e4 O-O 10. Re1 e6 11. a3 Rc8 12. h3 c4 13. d4 dxe4 14. Nxe4 Nxe4 15. Rxe4 Na5 16. Re2 Nb3 17. Rb1 Nxc1 18. Rxc1 {Petrosian,T (2625)-Matlakov,M (2689) Berlin 2015 1-0 (57)}) 4. Bg2 Nf6 5. d4 $146 ({RR} 5. O-O Nc6 6. d4 Qb6 7. dxc5 Qxc5 8. a4 Bg7 9. a5 Ne4 10. Qa4 {½-½ (10) Yandemirov,V (2503)-Sorokin,M (2560) Cappelle la Grande 2006}) 5... Nbd7 6. Ne5 Qb6 7. dxc5 Qxc5 8. Nd3 Qc7 9. Qa4 Bg7 10. Bf4 Qd8 11. O-O O-O 12. Nd2 Nb6 13. Qb3 Bg4 14. Rfe1 Qc8 15. Qb4 Re8 16. a4 Nbd7 17. Ne5 a5 18. Qb5 Nxe5 19. Bxe5 Bd7 20. Qd3 Bc6 21. Qd4 Qf5 22. Nf1 Rad8 23. b4 Qc8 24. Ne3 b6 25. Red1 Ba8 26. b5 h5 27. Rac1 Bf8 28. Bxf6 exf6 29. Qxb6 Re6 30. Qxa5 Bc5 31. Nxd5 Rde8 32. e3 Kg7 33. Qc7 1-0